01273nam a2200301Ia 4500001001200000003000800012006001900020007001500039008004100054020001800095020001800113040002100131035002100152050002500173100001900198245019200217260004600409300002500455490005000480504005100530533015200581650003200733650001700765655002900782710001700811856012600828999001700954ebr10704306CaPaEBRm o u cr cn|||||||||111102s2013 nyua sb 001 0 eng d z9781624176043 z9781624176135 aCaPaEBRcCaPaEBR a(OCoLC)84992028414aRC685.C6bS86 2013eb1 aSun, Zhonghua.10aCoronary computed tomography angiography in coronary artery diseaseh[electronic resource] :ba systematic review of image quality, diagnostic accuracy and radiation dose /cZhonghua Sun. a[Hauppauge] NY :bNova Publishers,c2013. aviii, 192 p. :bill.0 aCardiology research and clinical developments aIncludes bibliographical references and index. aElectronic reproduction.bPalo Alto, Calif. :cebrary,d2013.nAvailable via World Wide Web.nAccess may be limited to ebrary affiliated libraries. 0aCoronary arteriesxImaging. 0aAngiography. 7aElectronic books.2local2 aebrary, Inc.40uhttp://site.ebrary.com/lib/rucke/Doc?id=10704306zAn electronic book accessible through the World Wide Web; click to view c19962d19962